000
00319nam a2200121Ia 4500
008
240624s9999 xx 000 0 und d
041
_a
eng
082
_a
382.6 CHE
100
_a
CHERUNILAM FRANCIS
245
_a
INTERNATIONAL TRADE AND EXPORT MANAGEMEN
260
_c
2005
_a
Mumbai
_b
Himalaya
300
_a
524 : p. : cm. ; 26
999
_c
2656
_d
2656